Statistics for Medal Table Summer Olympics - Swimming

Click here to take the quiz!

General Stats

  • This quiz has been taken 63 times
  • The average score is 41 of 57

Answer Stats

GoldSilverBronzeTotalCountries% Correct
268189152609United States
100%
697074213Australia
98%
15612United Team of Germany
98%
241117Brazil
96%
9182855Canada
96%
16211249China
96%
14193164Germany
96%
20313182Great Britain
96%
59923Russia
96%
2215Russian Olympic Committee
96%
8162044France
94%
571729Italy
94%
2248Spain
94%
24273283Japan
93%
1012Mexico
91%
9161439Sweden
91%
1113Argentina
87%
1304South Korea
87%
0145Finland
85%
0112Norway
85%
22211962Netherlands
83%
2136New Zealand
83%
1438Greece
81%
26262173Hungary
81%
1326Poland
81%
16512Austria
80%
4329Ukraine
80%
77620South Africa
78%
12212659Soviet Union
78%
0033Switzerland
78%
1225Belgium
76%
3249Romania
76%
0101Serbia
76%
35715Denmark
74%
38322292East Germany
74%
1113Bulgaria
70%
3014Ireland
70%
0101Croatia
69%
0112Cuba
69%
0101Slovenia
69%
1001Lithuania
65%
0202Slovakia
65%
0213Belarus
63%
351522West Germany
59%
1102Yugoslavia
56%
0011Venezuela
52%
1001Singapore
48%
3014Tunisia
48%
1001Kazakhstan
44%
2417Zimbabwe
43%
0022Philippines
39%
63110Unified Team
37%
1124Costa Rica
31%
0011Trinidad and Tobago
31%
1012Suriname
26%
0202Hong Kong
19%
2338Australasia
17%

Score Distribution

Percentile by Number Answered

Percent of People with Each Score

Your Score History

You have not taken this quiz